000 01183nam a2200217Ia 4500
001 19427
003 GE_BSU
008 181216s||||||||xx |||||||||||||| ||und||
040 _cGE_BSU
245 _aიბერიულ-კავკასიური ენათმეცნიერება XVIII = иберийско-кавказкое языкознание=IVERO-CAUCASIA
245 _cსარედ კოლ:ივ.გიგინეიშვილი,გ.თოფურია და სხვ;რედ:თ.შარაშენიძე
260 _aთბილისი
260 _bმეცნიერება
260 _c1973
300 _a442გვ;24სმ.
541 _h4ლ.64თ.
653 _aენათმეცნიერება
653 _aეძღვნება არლონდ ჩიქობავას დაბადების სამოცდათხუთმეტი წლისა და სამეცნიერო და პედაგოგიური მოღვაწეობის ორმოცდაათი წლისთავს.
653 _aქართული ენა
942 _cBK
999 _c52407
_d52407